| 000 | 00534nam a2200181Ia 4500 | ||
|---|---|---|---|
| 999 |
_c23380 _d23380 |
||
| 003 | OSt | ||
| 005 | 20201230103611.0 | ||
| 008 | 190216s9999||||xx |||||||||||||| ||und|| | ||
| 020 | _a9788187474555 | ||
| 040 | _coclc | ||
| 082 |
_a492.782421 _bVAD/S |
||
| 100 |
_aVadakkangara, Amanulla _91953 |
||
| 245 | 0 |
_aSpoken Arabic / _cAmanulla Vadakkangara |
|
| 260 |
_bOlive Publications, _c2010. _aCalicut: |
||
| 300 | _a362p | ||
| 650 | _aIslamic History | ||
| 942 |
_cBK _2ddc _h492.782421 _iVAD/S _k492.782421 _mVAD/S |
||